Can you name the Taylor Swift song from the music video? - Statistics

General Stats
  • This quiz has been taken 162 times
  • The average score is 14 of 16
Answer Stats
Picture Answer % Correct
22
96%
me!
96%
you belong with me
96%
you need to calm down
95%
shake it off
94%
anti-hero
93%
bad blood
93%
cardigan
91%
blank space
86%
delicate
86%
look what you made me do
86%
out of the woods
85%
wildest dreams
85%
willow
84%
karma
76%
i can see you
74%
No matching quizzes found
Score Distribution
Percent of People with Each Score
Percentile by Number Answered
Your Score History
You have not taken this quiz